000
00259nam a2200097Ia 4500
001
652157
005
20250826154433.0
008
250824s9999 xx 000 0 und d
245
0
_a
Pasteur ün Mikroplarla Savaşı
_c
Beverley Birch
260
_b
TÜBİTAK YAYINLARI
999
_c
652157
_d
652157